000 00821nam a2200253Ia 4500
003 OSt
005 20221005104336.0
006 a|||||r|||| 00| 0
007 ta
008 221004b |||||||| |||| 00| 0 hin d
024 _a24105
037 _cTextual
040 _aCRL
_cCRL
_bhin
041 _2hin
_ahin
082 _aO152,3N493x, N1
100 _aअब्दुल बिस्मिल्लाह
245 0 _aज़ीनिया के फूल
246 _aज़īniyā ke fūla
260 _aदिल्ली
_bप्रेम प्रकाशन
_c1991
300 _a168पृ0
_ccm.
650 _aहिन्दी साहित्य
942 _hO152,3N493x, N1
_cTEXL
_2cc
999 _c1012419
_d1012419